<?xml version="1.0" encoding="UTF-8"?>
<record
    xmlns:xsi="http://www.w3.org/2001/XMLSchema-instance"
    xsi:schemaLocation="http://www.loc.gov/MARC21/slim http://www.loc.gov/standards/marcxml/schema/MARC21slim.xsd"
    xmlns="http://www.loc.gov/MARC21/slim">

  <leader>00352nam a2200109Ia 4500</leader>
  <datafield tag="999" ind1=" " ind2=" ">
    <subfield code="c">4308</subfield>
    <subfield code="d">4308</subfield>
  </datafield>
  <controlfield tag="003">yeezen</controlfield>
  <controlfield tag="005">20201027131931.0</controlfield>
  <controlfield tag="008">180213s9999||||xx |||||||||||||| ||und||</controlfield>
  <datafield tag="020" ind1=" " ind2=" ">
    <subfield code="c">NT315</subfield>
    <subfield code="a">978-986-95069-5-3</subfield>
  </datafield>
  <datafield tag="100" ind1=" " ind2=" ">
    <subfield code="a">&#x9AD8;&#x8A79;&#x71E6;</subfield>
  </datafield>
  <datafield tag="245" ind1=" " ind2="0">
    <subfield code="c">&#x9AD8;&#x8A79;&#x71E6;</subfield>
    <subfield code="a">&#x8FF7;&#x4F60;&#x601D;&#x8003;&#xFF1A;&#x9EA5;&#x80AF;&#x932B;&#x8D85;&#x9AD8;&#x6548;&#x7387;&#x5DE5;&#x4F5C;&#x8A08;&#x756B;&#x8853;&#xFF0C;&#x7528;&#x6700;&#x5C11;&#x7684;&#x529B;&#x91CF;&#xFF0C;&#x7372;&#x5F97;&#x6700;&#x5927;&#x7684;&#x6210;&#x679C;&#xFF01;</subfield>
  </datafield>
  <datafield tag="250" ind1=" " ind2=" ">
    <subfield code="a">&#x521D;&#x7248;</subfield>
  </datafield>
  <datafield tag="260" ind1=" " ind2=" ">
    <subfield code="c">2017</subfield>
    <subfield code="a">&#x53F0;&#x5317;&#x5E02;</subfield>
  </datafield>
  <datafield tag="942" ind1=" " ind2=" ">
    <subfield code="2">ccl</subfield>
    <subfield code="c">BOOK</subfield>
  </datafield>
  <datafield tag="952" ind1=" " ind2=" ">
    <subfield code="0">0</subfield>
    <subfield code="1">0</subfield>
    <subfield code="2">ccl</subfield>
    <subfield code="4">0</subfield>
    <subfield code="7">0</subfield>
    <subfield code="a">yeezen</subfield>
    <subfield code="b">yeezen</subfield>
    <subfield code="d">2018-02-13</subfield>
    <subfield code="l">1</subfield>
    <subfield code="m">1</subfield>
    <subfield code="o">494.35</subfield>
    <subfield code="p">C02392</subfield>
    <subfield code="r">2018-08-27 00:00:00</subfield>
    <subfield code="s">2018-06-19</subfield>
    <subfield code="w">2018-02-13</subfield>
    <subfield code="y">BOOK</subfield>
    <subfield code="z">&#x6240;&#x8B02;&#x7684;&#x300C;&#x8FF7;&#x4F60;&#x300D;&#xFF0C;&#x5C31;&#x662F;&#x4EE5;&#x300C;&#x6700;&#x5C11;&#x3001;&#x6700;&#x5C0F;&#x300D;&#x7684;&#x529B;&#x91CF;&#xFF0C;&#x7372;&#x5F97;&#x6700;&#x5927;&#x6210;&#x679C;&#x7684;&#x601D;&#x8003;&#x65B9;&#x6CD5;&#x3002;&#x61C2;&#x5F97;&#x300C;&#x8FF7;&#x4F60;&#x601D;&#x8003;&#x300D;&#x7684;&#x4EBA;&#xFF0C;&#x4E0D;&#x6703;&#x540C;&#x6642;&#x8655;&#x7406;&#x591A;&#x9805;&#x5DE5;&#x4F5C;&#xFF0C;&#x800C;&#x662F;&#x5C07;&#x7126;&#x9EDE;&#x653E;&#x5728;&#x6700;&#x91CD;&#x8981;&#x7684;&#x4E8B;&#x60C5;&#x4E0A;&#xFF0C;&#x300C;&#x6368;&#x68C4;&#x300D;&#x5176;&#x4ED6;&#x4E8B;&#xFF0C;&#x6240;&#x4EE5;&#x624D;&#x80FD;&#x4EE5;&#x6700;&#x4F4E;&#x9650;&#x5EA6;&#x7684;&#x4ED8;&#x51FA;&#xFF0C;&#x5C55;&#x73FE;&#x6700;&#x9AD8;&#x9650;&#x5EA6;&#x7684;&#x6210;&#x679C;&#x3002;</subfield>
  </datafield>
</record>
